[Event "Biel MTO 2013"]
[Site "Biel SUI"]
[Date "2013.07.22"]
[Round "1.2"]
[White "Banas, Jan"]
[Black "Harikrishna, Pentala"]
[Result "1/2-1/2"]
[WhiteTitle "IM"]
[BlackTitle "GM"]
[WhiteElo "2310"]
[BlackElo "2680"]
[WhiteFideId "14900076"]
[BlackFideId "5007003"]
[EventDate "2013.07.22"]

1. c4 c5 2. Nf3 Nf6 3. Nc3 b6 4. e4 Bb7 5. e5 Ng8 6. d4 cxd4 7. Nxd4 Nc6 8. Bf4
Nxd4 9. Qxd4 e6 10. Nb5 Nh6 11. Bxh6 gxh6 12. Nd6+ Bxd6 13. exd6 Rg8 14. O-O-O
Qg5+ 15. f4 Qg7 16. Qxg7 Rxg7 17. Rg1 Rc8 18. b3 h5 19. g3 h4 20. Bd3 hxg3 21.
Rxg3 Rxg3 22. hxg3 f5 23. Rd2 Bf3 24. Rh2 h5 25. Kd2 Rc6 26. Ke3 Bg4 27. Rd2
Rxd6 28. Bxf5 Rxd2 29. Bg6+ Ke7 30. Kxd2 a5 31. a3 Kf6 32. Bd3 e5 33. Ke3 d6 34.
b4 Ke6 35. Bh7 Bd1 36. Bg6 Kf6 37. Be4 Bg4 38. Bd3 Be6 39. Be2 Bf7 40. Bd3 Be8
41. Bf1 Bg6 42. Be2 Ke6 43. Bf3 Be8 44. Bg2 Kf6 45. Bf1 Bf7 46. Bd3 Ke6 47. Be4
Be8 48. Bg2 Kf5 49. Bh3+ Kf6 50. Bf1 axb4 51. axb4 Bf7 52. Bd3 Bg8 53. Bf1 Bf7
54. Bd3 1/2-1/2

[Event "Biel MTO 2013"]
[Site "Biel SUI"]
[Date "2013.07.22"]
[Round "1.4"]
[White "Medina, Warda Aulia"]
[Black "Kurnosov, Igor"]
[Result "0-1"]
[WhiteTitle "WIM"]
[BlackTitle "GM"]
[WhiteElo "2286"]
[BlackElo "2657"]
[WhiteFideId "7101570"]
[BlackFideId "4142527"]
[EventDate "2013.07.22"]

1. e4 c5 2. Nf3 d6 3. d4 cxd4 4. Nxd4 Nf6 5. Nc3 e6 6. Be2 a6 7. a4 Nbd7 8. Be3
b6 9. f4 Bb7 10. Bf3 Qc7 11. Qe2 Be7 12. O-O O-O 13. Kh1 Rfe8 14. Rae1 Rac8 15.
Qf2 Nc5 16. Bd2 d5 17. exd5 exd5 18. Nf5 Bf8 19. Be3 Qd7 20. Ng3 Rxe3 21. Rxe3
d4 22. Bxb7 Qxb7 23. Ree1 dxc3 24. b3 b5 25. axb5 axb5 26. Qd4 b4 27. f5 Rc7 28.
Qh4 Rd7 29. Nh5 Nxh5 30. Qxh5 Rd2 31. Re2 Ne4 32. Rfe1 Nf6 33. Qf3 Qxf3 34. gxf3
Bd6 35. Kg1 h5 36. Kf1 Bxh2 37. Ra1 h4 38. Rxd2 cxd2 39. Ra8+ Kh7 40. Rd8 Bf4
41. Kg2 Kh6 0-1

[Event "Biel MTO 2013"]
[Site "Biel SUI"]
[Date "2013.07.22"]
[Round "1.5"]
[White "Gharamian, Tigran"]
[Black "Sihite, Chelsie Monica"]
[Result "1/2-1/2"]
[WhiteTitle "GM"]
[BlackTitle "WIM"]
[WhiteElo "2655"]
[BlackElo "2285"]
[WhiteFideId "13301527"]
[BlackFideId "7101198"]
[EventDate "2013.07.22"]

1. Nf3 Nf6 2. c4 e6 3. g3 d5 4. Bg2 Be7 5. O-O O-O 6. d4 dxc4 7. Qa4 Qd5 8. Nbd2
b5 9. Qc2 Nc6 10. b3 cxb3 11. Nxb3 Bb7 12. Bg5 a5 13. e3 a4 14. Nbd2 Nb4 15. Qb1
Rfb8 16. Rc1 Na6 17. e4 Qd7 18. e5 Ne8 19. Ne4 h6 20. Bxe7 Qxe7 21. Nc5 Nxc5 22.
Rxc5 b4 23. Nd2 Qd7 24. Qd3 Ra7 25. Rb1 Bxg2 26. Kxg2 Rab7 27. h4 Rb5 28. Rbc1
b3 29. axb3 axb3 30. Rxb5 Rxb5 31. Qc3 Qd5+ 32. Kg1 f6 33. Rb1 fxe5 34. dxe5 Rc5
35. Qe3 Qxe5 36. Qxe5 Rxe5 37. Rxb3 Rd5 38. Ne4 Nd6 39. Nxd6 cxd6 40. Rb7 Kh7
41. Re7 Rd1+ 42. Kg2 Re1 43. h5 Kg8 44. f4 e5 45. Re6 Re2+ 46. Kf3 Rh2 47. fxe5
dxe5 1/2-1/2

[Event "Biel MTO 2013"]
[Site "Biel SUI"]
[Date "2013.07.22"]
[Round "1.7"]
[White "Saric, Ivan"]
[Black "Muhammad, Luthfi Ali"]
[Result "1-0"]
[WhiteTitle "GM"]
[BlackTitle "CM"]
[WhiteElo "2639"]
[BlackElo "2279"]
[WhiteFideId "14508150"]
[BlackFideId "7103743"]
[EventDate "2013.07.22"]

1. Nf3 Nf6 2. g3 g6 3. c4 Bg7 4. Bg2 O-O 5. O-O c6 6. b3 Ne4 7. d4 d5 8. Bb2
dxc4 9. bxc4 c5 10. Qc2 Qb6 11. Ba3 Bf5 12. g4 Nxf2 13. gxf5 cxd4 14. Rxf2 d3
15. exd3 Bxa1 16. Nc3 Nc6 17. Nd5 Qa5 18. Nxe7+ Nxe7 19. Bxe7 Rfe8 20. f6 Qb6
21. c5 Qb4 22. Qc1 Rxe7 23. fxe7 Bf6 24. d4 Re8 25. Qf4 1-0

[Event "Biel MTO 2013"]
[Site "Biel SUI"]
[Date "2013.07.22"]
[Round "1.8"]
[White "Bartel, Michal"]
[Black "Ganguly, Surya Shekhar"]
[Result "1/2-1/2"]
[WhiteTitle "FM"]
[BlackTitle "GM"]
[WhiteElo "2276"]
[BlackElo "2628"]
[WhiteFideId "1119257"]
[BlackFideId "5002150"]
[EventDate "2013.07.22"]

1. e4 e6 2. d4 d5 3. Nc3 Bb4 4. exd5 exd5 5. Bd3 c6 6. Qf3 Qf6 7. Qxf6 Nxf6 8.
Bd2 O-O 9. O-O-O Re8 10. h3 b6 11. Nf3 Nbd7 12. Rhe1 Bb7 13. Rxe8+ Rxe8 14. Re1
g6 15. Rxe8+ Nxe8 16. Bf4 Ng7 17. Ne2 Ne6 18. Bg3 f6 19. Nf4 Kf7 20. Nxe6 Kxe6
21. c3 Bf8 22. Bf4 g5 23. Bh2 h5 24. g4 h4 25. Bf5+ Ke7 26. Ne1 Kd8 27. Kd2 a5
28. Ke3 Ba6 29. Bd3 Bxd3 30. Nxd3 Ke7 31. Bc7 Ke6 32. f4 Bd6 33. Bd8 Be7 34. Bc7
Bd6 35. Bd8 Be7 36. Bc7 1/2-1/2

[Event "Biel MTO 2013"]
[Site "Biel SUI"]
[Date "2013.07.22"]
[Round "1.9"]
[White "Sandipan, Chanda"]
[Black "Hasenohr, Benedict"]
[Result "1-0"]
[WhiteTitle "GM"]
[WhiteElo "2623"]
[BlackElo "2276"]
[WhiteFideId "5004225"]
[BlackFideId "1303309"]
[EventDate "2013.07.22"]

1. d4 d5 2. c4 c6 3. Nf3 Nf6 4. e3 e6 5. Bd3 Nbd7 6. Nbd2 Bd6 7. O-O b6 8. b3
Bb7 9. Bb2 Qc7 10. Qe2 O-O 11. e4 dxe4 12. Nxe4 Be7 13. c5 Nd5 14. g3 Nb4 15.
Bc4 b5 16. a3 Nd5 17. Bd3 a5 18. Ne5 g6 19. Rfe1 Rae8 20. a4 b4 21. Nc4 Rd8 22.
Bc1 N7f6 23. Ned6 Ba6 24. Bh6 Bxc4 25. bxc4 Nc3 26. Qe5 Ne8 27. Bc2 Bxd6 28.
cxd6 Qxd6 29. Bxf8 Qxe5 30. Rxe5 Kxf8 31. Rxa5 Rxd4 32. Ra8 Rd2 33. Bb3 Ne2+ 34.
Kf1 Nd4 35. Bd1 Ke7 36. a5 b3 37. Bxb3 Nxb3 38. Ra3 Rd3 39. Kg2 Nc7 40. Rb8 Nc5
41. Rxd3 Nxd3 42. Rb6 Kd6 43. a6 Kc5 44. Rb7 Nxa6 45. Rxf7 Kxc4 46. Rxh7 Nab4
47. Rg7 Kd5 48. Rxg6 Ke5 49. f4+ Kf5 50. Rg8 Nd5 51. Kf3 c5 52. h4 Kf6 53. h5
Kf7 54. Rg5 c4 55. h6 Nf6 56. Rg7+ Kf8 57. Rc7 Kg8 58. Rxc4 e5 59. Ke2 e4 60.
Rc7 Nb4 61. g4 Nbd5 62. Rg7+ Kf8 63. f5 Ne7 64. Rxe7 Kxe7 65. g5 1-0

[Event "Biel MTO 2013"]
[Site "Biel SUI"]
[Date "2013.07.22"]
[Round "1.10"]
[White "Gaehwiler, Gabriel"]
[Black "Bartel, Mateusz"]
[Result "0-1"]
[BlackTitle "GM"]
[WhiteElo "2267"]
[BlackElo "2619"]
[WhiteFideId "1314530"]
[BlackFideId "1112635"]
[EventDate "2013.07.22"]

1. d4 f5 2. g3 Nf6 3. Bg2 g6 4. c3 Bg7 5. Qb3 Nc6 6. Nd2 d5 7. Ngf3 e6 8. O-O
O-O 9. c4 Ne4 10. Rd1 Kh8 11. cxd5 exd5 12. Nf1 a5 13. Bf4 g5 14. Be5 Nxe5 15.
Nxe5 c6 16. f3 Nc5 17. dxc5 Bxe5 18. e4 a4 19. Qa3 Qf6 20. Rd2 dxe4 21. fxe4 f4
22. gxf4 gxf4 23. Bf3 Rg8+ 24. Kh1 Bh3 25. Re2 Qg5 26. Nd2 Bd4 0-1

[Event "Biel MTO 2013"]
[Site "Biel SUI"]
[Date "2013.07.22"]
[Round "1.11"]
[White "Solak, Dragan"]
[Black "Ludwig, Peter"]
[Result "1-0"]
[WhiteTitle "GM"]
[WhiteElo "2598"]
[BlackElo "2265"]
[WhiteFideId "916811"]
[BlackFideId "4651359"]
[EventDate "2013.07.22"]

1. e4 e6 2. d4 d5 3. Nd2 c5 4. exd5 Qxd5 5. Ngf3 cxd4 6. Bc4 Qd6 7. O-O Nf6 8.
Nb3 Nc6 9. Nbxd4 Nxd4 10. Nxd4 a6 11. Re1 Qc7 12. Bf1 Bd6 13. Nf5 Bxh2+ 14. Kh1
Kf8 15. Qd4 exf5 16. Qxf6 Bd6 17. Bh6 Rg8 18. Rad1 Be6 19. Rxe6 Bc5 20. Qe5 Qxe5
21. Rxe5 Bxf2 22. Rxf5 1-0

[Event "Biel MTO 2013"]
[Site "Biel SUI"]
[Date "2013.07.22"]
[Round "1.12"]
[White "Zuse, Klaus-Peter"]
[Black "Saric, Ante"]
[Result "0-1"]
[WhiteTitle "FM"]
[BlackTitle "GM"]
[WhiteElo "2263"]
[BlackElo "2565"]
[WhiteFideId "4605306"]
[BlackFideId "14506254"]
[EventDate "2013.07.22"]

1. e4 c5 2. Nf3 d6 3. d4 cxd4 4. Nxd4 Nf6 5. Nc3 Nc6 6. Bg5 a6 7. Bxf6 gxf6 8.
Nb3 h5 9. Be2 h4 10. Qd2 b5 11. f4 e6 12. a3 Qb6 13. h3 Bd7 14. Rf1 Rc8 15. Rf2
Rg8 16. Kf1 Be7 17. Re1 b4 18. axb4 Nxb4 19. Bh5 a5 20. e5 Rh8 21. exd6 Qxd6 22.
Qe2 a4 23. Nc1 Nxc2 24. Bxf7+ Kxf7 25. Qxc2 Qa6+ 26. N1e2 Bc5 27. Rf3 Bc6 28.
Rd3 Rhg8 29. Red1 Bxg2+ 30. Ke1 Be7 31. Rd7 f5 32. R1d6 Qc4 33. Rd4 Qb3 34. Qd2
Bc6 35. Ra7 Qb6 36. Raxa4 Bxa4 37. Nxa4 Qc6 38. Qe3 Bf6 39. Rb4 Qh1+ 40. Kd2
Rgd8+ 0-1

[Event "Biel MTO 2013"]
[Site "Biel SUI"]
[Date "2013.07.22"]
[Round "1.13"]
[White "Cvitan, Ognjen"]
[Black "Sean, Winshand Cuhendi"]
[Result "1-0"]
[WhiteTitle "GM"]
[WhiteElo "2562"]
[BlackElo "2259"]
[WhiteFideId "14500086"]
[BlackFideId "7101554"]
[EventDate "2013.07.22"]

1. c4 e5 2. g3 Nc6 3. Bg2 g6 4. Nc3 Bg7 5. e3 Nge7 6. Nge2 d6 7. d4 exd4 8. exd4
O-O 9. O-O Bf5 10. h3 Qc8 11. Kh2 a6 12. Be3 Rb8 13. Rc1 b5 14. cxb5 axb5 15.
Bxc6 Nxc6 16. Nd5 Be4 17. Nef4 Bxd5 18. Nxd5 Qf5 19. Qb3 Na5 20. Ne7+ Kh8 21.
Nxf5 Nxb3 22. axb3 gxf5 23. Rxc7 f4 24. Bxf4 Bxd4 25. Bxd6 Rfd8 26. Bf4 Kg8 27.
Kg2 Rbc8 28. Rd1 Bxb2 29. Rxc8 Rxc8 30. Rd5 b4 31. Rg5+ Kh8 1-0

[Event "Biel MTO 2013"]
[Site "Biel SUI"]
[Date "2013.07.22"]
[Round "1.14"]
[White "Nuri, Kambez"]
[Black "Zhao, Xue"]
[Result "0-1"]
[WhiteTitle "FM"]
[BlackTitle "GM"]
[WhiteElo "2244"]
[BlackElo "2553"]
[WhiteFideId "1311433"]
[BlackFideId "8601283"]
[EventDate "2013.07.22"]

1. e4 e5 2. Nf3 Nc6 3. d4 exd4 4. Nxd4 Nf6 5. Nc3 Bb4 6. Nxc6 bxc6 7. Bd3 O-O 8.
O-O d5 9. exd5 cxd5 10. h3 c6 11. Qf3 Bd6 12. Re1 Be6 13. Bf4 Rb8 14. b3 c5 15.
Bxd6 Qxd6 16. Rad1 Qc7 17. Ne2 Rfe8 18. Bf5 Bxf5 19. Qxf5 Re5 20. Qd3 Rbe8 21.
f3 c4 22. Qd2 Qb6+ 23. Kf1 Nh5 24. Nd4 Ng3+ 25. Kf2 Re2+ 26. Rxe2 Rxe2+ 27. Qxe2
Nxe2 28. Kxe2 g6 29. Rd2 Qa6 0-1

[Event "Biel MTO 2013"]
[Site "Biel SUI"]
[Date "2013.07.22"]
[Round "1.15"]
[White "Adianto, Utut"]
[Black "Rasch, Holger"]
[Result "1-0"]
[WhiteTitle "GM"]
[BlackTitle "FM"]
[WhiteElo "2548"]
[BlackElo "2220"]
[WhiteFideId "7100019"]
[BlackFideId "4615670"]
[EventDate "2013.07.22"]

1. d4 Nf6 2. Nf3 c5 3. e3 g6 4. c4 Bg7 5. Nc3 O-O 6. dxc5 Na6 7. Be2 Nxc5 8. O-O
b6 9. Qc2 Bb7 10. Rd1 Nfe4 11. Bd2 Rc8 12. Rac1 d6 13. Be1 Nxc3 14. Bxc3 Bxc3
15. Qxc3 Qc7 16. Nd4 Rfd8 17. Bg4 Nd7 18. Ne6 1-0

[Event "Biel MTO 2013"]
[Site "Biel SUI"]
[Date "2013.07.22"]
[Round "1.17"]
[White "Malakhatko, Vadim"]
[Black "Bozinovic, Bogdan"]
[Result "1-0"]
[WhiteTitle "GM"]
[BlackTitle "FM"]
[WhiteElo "2529"]
[BlackElo "2218"]
[WhiteFideId "14104202"]
[BlackFideId "14502593"]
[EventDate "2013.07.22"]

1. d4 Nf6 2. c4 c5 3. d5 a6 4. Qc2 b5 5. e4 bxc4 6. Bxc4 e6 7. Nc3 exd5 8. exd5
d6 9. Nge2 Be7 10. O-O Nbd7 11. b3 O-O 12. Bb2 Re8 13. Ng3 Bf8 14. Rfe1 Bb7 15.
Rxe8 Nxe8 16. Nce4 g6 17. Rd1 Qh4 18. Nf1 Qd8 19. Ne3 Ndf6 20. Ng5 Bc8 21. h4
Ra7 22. Qd3 Bg7 23. Bc3 h6 24. Nf3 Ng4 25. Re1 Nef6 26. b4 cxb4 27. Bxb4 a5 28.
Bd2 Rc7 29. Bxa5 1-0

[Event "Biel MTO 2013"]
[Site "Biel SUI"]
[Date "2013.07.22"]
[Round "1.18"]
[White "Silber, Gerhard"]
[Black "Megaranto, Susanto"]
[Result "1/2-1/2"]
[BlackTitle "GM"]
[WhiteElo "2217"]
[BlackElo "2524"]
[WhiteFideId "4661974"]
[BlackFideId "7101384"]
[EventDate "2013.07.22"]

1. d4 Nf6 2. Bg5 e6 3. e4 h6 4. Bxf6 Qxf6 5. Nc3 Bb4 6. a3 Bxc3+ 7. bxc3 d6 8.
Qf3 Qe7 9. Bd3 e5 10. Ne2 Nd7 11. O-O Nf6 12. Ng3 O-O 13. Nh5 Nxh5 14. Qxh5 Qf6
15. f4 exf4 16. g3 Qg5 17. Qxg5 hxg5 18. gxf4 gxf4 19. Rxf4 Be6 20. h4 c5 21.
Kf2 Rac8 22. Ke3 cxd4+ 23. cxd4 Bc4 24. Rb1 b6 25. Rb4 Bxd3 26. Kxd3 f6 27. a4
Rc6 28. Rc4 Rfc8 29. Rxc6 Rxc6 30. h5 Kf7 31. Rf5 g6 32. hxg6+ Kxg6 33. a5 bxa5
34. Rxa5 a6 35. c4 Kf7 36. Kc3 Rb6 37. Ra1 Ke6 38. Rh1 a5 39. Rh7 a4 40. d5+ Ke5
41. Re7+ Kf4 42. Ra7 Rb3+ 43. Kd4 Rb1 44. Rd7 1/2-1/2

[Event "Biel MTO 2013"]
[Site "Biel SUI"]
[Date "2013.07.22"]
[Round "1.19"]
[White "Hausrath, Daniel"]
[Black "Padurariu, Ioana-Smaranda"]
[Result "1-0"]
[WhiteTitle "IM"]
[BlackTitle "WIM"]
[WhiteElo "2516"]
[BlackElo "2208"]
[WhiteFideId "4617495"]
[BlackFideId "1210947"]
[EventDate "2013.07.22"]

1. Nf3 Nf6 2. g3 b6 3. Bg2 Bb7 4. O-O e6 5. c4 Be7 6. d4 c5 7. d5 exd5 8. Nh4
Ne4 9. Nf5 O-O 10. cxd5 Nd6 11. Nxe7+ Qxe7 12. e4 f5 13. exf5 Rxf5 14. Nc3 Na6
15. Bf4 Rf7 16. Nb5 Nxb5 17. d6 Qf8 18. Bxb7 Nb4 19. a3 Rb8 20. axb4 Rxb7 21.
Qd5 Rb8 22. Rfe1 Kh8 23. Re7 Rf5 24. Be5 Nd4 25. f4 Re8 26. Bxg7+ 1-0

[Event "Biel MTO 2013"]
[Site "Biel SUI"]
[Date "2013.07.22"]
[Round "1.20"]
[White "Hakimifard, Ghazal"]
[Black "Sebenik, Matej"]
[Result "1/2-1/2"]
[WhiteTitle "WIM"]
[BlackTitle "GM"]
[WhiteElo "2196"]
[BlackElo "2511"]
[WhiteFideId "12506540"]
[BlackFideId "14602296"]
[EventDate "2013.07.22"]

1. e4 c5 2. Nf3 Nc6 3. Bb5 e6 4. O-O Nge7 5. Re1 a6 6. Bf1 d5 7. exd5 Nxd5 8. d4
Nf6 9. Be3 cxd4 10. Nxd4 Bd7 11. Nc3 Be7 12. Nb3 Qc7 13. Qf3 O-O 14. Bg5 Rac8
15. Rad1 Rfd8 16. Rd2 h6 17. Bh4 Be8 18. Bg3 Qb6 19. Red1 Rxd2 20. Rxd2 Nb4 21.
Be5 Nc6 22. Bg3 Rd8 23. Rxd8 Qxd8 24. a4 Bb4 25. h3 Bxc3 26. bxc3 Qe7 27. Qe3
Nd5 28. Qd2 Qa3 29. c4 Nf6 30. Bc7 Qe7 31. Bb6 e5 32. a5 Bd7 33. Nc5 Bc8 34. Be2
Nd4 35. Bd1 Bf5 36. c3 Ne6 37. Nxe6 Qxe6 38. Bf3 Be4 39. Be2 Bc6 40. Qd8+ Kh7
41. Be3 Nd7 42. Bf1 f5 43. f3 Nf6 44. Bc5 Kg6 45. Qe7 Qxe7 46. Bxe7 Kf7 47. Bb4
g5 48. Bd3 Ke6 49. Kf2 f4 50. g4 fxg3+ 51. Kxg3 e4 52. fxe4 Bxe4 53. Be2 Bc6 54.
Bd3 Nh5+ 55. Kf2 Nf4 56. Bf1 h5 57. Bc5 h4 58. Bd4 Be4 59. Be3 Kf5 60. Kg1 Ng6
61. Be2 Ne5 62. Kf2 Nc6 63. Bb6 Ke5 64. Bc7+ Ke6 65. Ke3 Bf5 66. Bf1 Kd7 67. Bb6
Ne5 68. Bd4 Ke6 69. Kf2 Bd3 70. Bg2 Nxc4 71. Bb6 Nxb6 72. axb6 Kd6 73. Bxb7 Kc5
74. Kf3 Kxb6 75. Bxa6 1/2-1/2

[Event "Biel MTO 2013"]
[Site "Biel SUI"]
[Date "2013.07.23"]
[Round "2.1"]
[White "Huang, Qian"]
[Black "Bu, Xiangzhi"]
[Result "1/2-1/2"]
[WhiteTitle "WGM"]
[BlackTitle "GM"]
[WhiteElo "2487"]
[BlackElo "2664"]
[WhiteFideId "8602689"]
[BlackFideId "8601445"]
[EventDate "2013.07.22"]

1. d4 d5 2. Nf3 Nf6 3. c4 c6 4. Nc3 dxc4 5. a4 Bf5 6. Ne5 Nbd7 7. Nxc4 Nb6 8.
Ne5 a5 9. e3 g6 10. Bd3 Bxd3 11. Nxd3 Bg7 12. O-O Nbd5 13. Qb3 Qb6 1/2-1/2

[Event "Biel MTO 2013"]
[Site "Biel SUI"]
[Date "2013.07.23"]
[Round "2.2"]
[White "Kurnosov, Igor"]
[Black "Cebalo, Miso"]
[Result "1-0"]
[WhiteTitle "GM"]
[BlackTitle "GM"]
[WhiteElo "2657"]
[BlackElo "2438"]
[WhiteFideId "4142527"]
[BlackFideId "14500094"]
[EventDate "2013.07.22"]

1. e4 c5 2. Nf3 d6 3. d4 cxd4 4. Nxd4 Nf6 5. Nc3 e6 6. g4 h6 7. h4 Nc6 8. Rg1 h5
9. gxh5 Nxh5 10. Bg5 Qb6 11. Be3 Nxd4 12. Bxd4 Qd8 13. Qd2 Bd7 14. O-O-O Bc6 15.
Qe3 Qxh4 16. Nb5 Qf4 17. Nc7+ Kd7 18. Qxf4 Nxf4 19. Nxa8 b6 20. Bxg7 Rg8 21.
Bxf8 Rxg1 22. Nc7 Rxf1 23. Rxf1 Kxc7 24. Rd1 d5 25. c4 Ng6 26. cxd5 Nxf8 27.
dxc6 Kxc6 28. Rd8 Nd7 29. Kd2 a5 30. Ke3 Kc7 31. Re8 Kd6 32. f4 f6 33. Rh8 Nc5
34. Rh6 Nd7 35. Kd4 Ke7 36. Kc4 1-0

[Event "Biel MTO 2013"]
[Site "Biel SUI"]
[Date "2013.07.23"]
[Round "2.4"]
[White "Donchenko, Alexander"]
[Black "Saric, Ivan"]
[Result "1/2-1/2"]
[WhiteTitle "IM"]
[BlackTitle "GM"]
[WhiteElo "2477"]
[BlackElo "2639"]
[WhiteFideId "24603295"]
[BlackFideId "14508150"]
[EventDate "2013.07.22"]

1. c4 g6 2. g3 Bg7 3. Bg2 c5 4. Nc3 Nc6 5. Nf3 b6 6. O-O Bb7 7. a3 d6 8. Rb1 Qd7
9. e3 Bxc3 10. bxc3 f5 11. d3 Nf6 12. Ng5 h6 13. Nh3 e5 14. f3 g5 15. Nf2 h5 16.
Qe2 Qh7 17. f4 g4 18. fxe5 Nxe5 19. Nh1 Bxg2 20. Qxg2 O-O 21. Nf2 Rae8 22. Rb2
Re7 23. h4 gxh3 24. Qxh3 Rg7 25. Kh1 Kh8 26. e4 Nfg4 27. Bf4 fxe4 28. Bxe5 dxe5
29. Nxe4 Rxf1+ 30. Qxf1 Rf7 31. Qe2 Qf5 32. Kg2 Kg7 33. Rb1 Qg6 34. Rf1 Rxf1 35.
Kxf1 Qh6 36. Nf2 Qc1+ 37. Kg2 Qg5 38. Nxg4 hxg4 39. Qe4 Qd2+ 40. Kg1 Qc1+ 41.
Kg2 Qd2+ 42. Kg1 Kf6 43. Qc6+ Kg5 44. Qd5 Qe1+ 45. Kg2 Qe2+ 46. Kg1 Qe1+ 1/2-1/2

[Event "Biel MTO 2013"]
[Site "Biel SUI"]
[Date "2013.07.23"]
[Round "2.5"]
[White "Farid, Firman Syah"]
[Black "Sandipan, Chanda"]
[Result "0-1"]
[WhiteTitle "IM"]
[BlackTitle "GM"]
[WhiteElo "2396"]
[BlackElo "2623"]
[WhiteFideId "7102526"]
[BlackFideId "5004225"]
[EventDate "2013.07.22"]

1. d4 d5 2. Nf3 Nf6 3. c4 c6 4. e3 Bf5 5. Nc3 e6 6. Nh4 Be4 7. f3 Bg6 8. Qb3 Qc7
9. Bd2 Nbd7 10. O-O-O a5 11. cxd5 Nxd5 12. Nxg6 hxg6 13. e4 Nxc3 14. Bxc3 Bb4
15. Kb1 Bxc3 16. Qxc3 Nf6 17. g3 O-O 18. Bg2 Rfd8 19. f4 Rd7 20. Rd2 Rad8 21.
Rhd1 Qb6 22. a3 Qb5 23. Bf3 Ne8 24. h4 Nd6 25. e5 Nc4 26. Rc2 Nb6 27. Be2 Qa4
28. Rcd2 Nd5 29. Qf3 Ne7 30. Qc3 Nf5 31. Bc4 c5 32. d5 exd5 33. Bxd5 Nd4 34. Bc4
Qc6 35. Ba2 Ne2 36. Bxf7+ Kf8 37. Rxe2 Rxd1+ 38. Kc2 Kxf7 39. e6+ Ke8 40. Qxg7
Rc1+ 0-1

[Event "Biel MTO 2013"]
[Site "Biel SUI"]
[Date "2013.07.23"]
[Round "2.6"]
[White "Bartel, Mateusz"]
[Black "Sukandar, Irine Kharisma"]
[Result "1-0"]
[WhiteTitle "GM"]
[BlackTitle "WGM"]
[WhiteElo "2619"]
[BlackElo "2365"]
[WhiteFideId "1112635"]
[BlackFideId "7101937"]
[EventDate "2013.07.22"]

1. Nf3 Nf6 2. c4 e6 3. g3 b6 4. Bg2 Bb7 5. O-O c5 6. Nc3 Be7 7. d4 cxd4 8. Qxd4
d6 9. Rd1 a6 10. b3 Nbd7 11. Bb2 O-O 12. h3 Qc7 13. g4 Rfd8 14. g5 Ne8 15. Qg4
Nc5 16. h4 Bf8 17. h5 f5 18. Qh3 Qe7 19. Qg3 Rab8 20. Nd4 Rdc8 21. f4 Bxg2 22.
Qxg2 Qb7 23. Qxb7 Rxb7 24. b4 Nd7 25. Nxe6 Rxc4 26. Rd4 b5 27. Rxc4 bxc4 28. a3
Nb6 29. Rd1 Re7 30. Nxf8 Kxf8 31. a4 Rb7 32. Ba3 Kf7 33. Kf2 Ke6 34. Rd4 Nc7 35.
b5 d5 36. a5 Nxb5 37. Nxb5 Na4 38. Nd6 Rb3 39. Nxc4 dxc4 40. Bf8 Nb2 41. g6 hxg6
42. hxg6 1-0

[Event "Biel MTO 2013"]
[Site "Biel SUI"]
[Date "2013.07.23"]
[Round "2.8"]
[White "Saric, Ante"]
[Black "Burnier, David"]
[Result "1/2-1/2"]
[WhiteTitle "GM"]
[BlackTitle "FM"]
[WhiteElo "2565"]
[BlackElo "2347"]
[WhiteFideId "14506254"]
[BlackFideId "1307940"]
[EventDate "2013.07.22"]

1. c4 Nf6 2. Nc3 d5 3. cxd5 Nxd5 4. g3 g6 5. Bg2 Nxc3 6. bxc3 Bg7 7. Rb1 Nc6 8.
d4 O-O 9. e3 Qd7 10. Qa4 Nd8 11. Qxd7 Bxd7 12. Ba3 Re8 13. f4 Rc8 14. Ne2 b6 15.
e4 c5 16. e5 Nc6 17. dxc5 bxc5 18. Bxc5 Nxe5 19. Bxa7 Bf5 20. Rb5 Nc6 21. Bf2 e5
22. Rc5 exf4 23. Rxc6 Bxc3+ 24. Kf1 Rxc6 25. Bxc6 Bh3+ 26. Bg2 Bxg2+ 27. Kxg2
Rxe2 28. Kf3 Rxa2 29. gxf4 Ra4 30. Rd1 Kg7 31. Be3 h5 32. f5 gxf5 33. Rg1+ Rg4
34. h3 Rg6 35. Rg5 h4 36. Rg2 Be1 37. Bf4 Kh7 38. Rg5 Rxg5 39. Bxg5 Bg3 40. Bf6
Kg6 41. Be7 f6 42. Bc5 Kf7 43. Bb4 Ke6 44. Bc3 Kf7 1/2-1/2

[Event "Biel MTO 2013"]
[Site "Biel SUI"]
[Date "2013.07.23"]
[Round "2.9"]
[White "Braun, Christian2"]
[Black "Cvitan, Ognjen"]
[Result "1/2-1/2"]
[WhiteTitle "IM"]
[BlackTitle "GM"]
[WhiteElo "2360"]
[BlackElo "2562"]
[WhiteFideId "4692098"]
[BlackFideId "14500086"]
[EventDate "2013.07.22"]

1. e4 c5 2. Nf3 d6 3. d4 cxd4 4. Nxd4 Nf6 5. Nc3 g6 6. Be3 Bg7 7. f3 Nc6 8. Qd2
O-O 9. O-O-O d5 10. Qe1 e5 11. Nxc6 bxc6 12. exd5 cxd5 13. Bg5 Be6 14. Bc4 Qc7
15. Bxf6 dxc4 16. Bxg7 Kxg7 17. Nd5 Bxd5 1/2-1/2

[Event "Biel MTO 2013"]
[Site "Biel SUI"]
[Date "2013.07.23"]
[Round "2.10"]
[White "Zhao, Xue"]
[Black "Schoorl, Rob"]
[Result "1-0"]
[WhiteTitle "GM"]
[BlackTitle "FM"]
[WhiteElo "2553"]
[BlackElo "2340"]
[WhiteFideId "8601283"]
[BlackFideId "1009508"]
[EventDate "2013.07.22"]

1. Nf3 Nf6 2. c4 g6 3. Nc3 Bg7 4. d4 O-O 5. e4 d6 6. Be2 e5 7. O-O Na6 8. Re1 c6
9. Rb1 Re8 10. d5 cxd5 11. cxd5 Nc5 12. Nd2 a5 13. Bb5 Bd7 14. Nc4 Bxb5 15. Nxb5
Nfxe4 16. Qc2 Qd7 17. a4 Nxa4 18. Rxe4 Qxb5 19. Na3 Qxd5 20. Qxa4 Rec8 21. Re1
Qc6 22. b3 d5 23. Bb2 d4 24. Rbc1 Qd5 25. Rxc8+ Rxc8 26. Nc4 b5 27. Qxa5 Ra8 28.
Nb6 Rxa5 29. Nxd5 Ra2 30. Rb1 f5 31. Nc7 Ra7 32. Ne6 Bh6 33. Ra1 Rxa1+ 34. Bxa1
Kf7 35. Nc7 b4 36. Kf1 Bd2 37. Ke2 Bc3 38. Bxc3 bxc3 39. Kd3 Ke7 40. Nb5 g5 41.
Na3 Kd6 42. Kc4 h5 43. Nc2 h4 44. g3 h3 45. Ne1 g4 46. b4 f4 47. Nc2 f3 48. Ne1
Kc6 49. Nd3 Kb6 50. Nxe5 1-0